Concordia self-study commentary / (Record no. 6754)
[ view plain ]
| 000 -LEADER | |
|---|---|
| fixed length control field | 00884pam a2200241 i 4500 |
| 001 - CONTROL NUMBER | |
| control field | 3683537 |
| 003 - CONTROL NUMBER IDENTIFIER | |
| control field | GBCCL |
| 005 - DATE AND TIME OF LATEST TRANSACTION | |
| control field | 20241126110610.0 |
| 008 - FIXED-LENGTH DATA ELEMENTS--GENERAL INFORMATION | |
| fixed length control field | 781219s1979 mou 000 0 eng |
| 010 ## - | |
| -- | 78031390 |
| 020 ## - INTERNATIONAL STANDARD BOOK NUMBER | |
| International Standard Book Number | 0570032776 |
| 040 ## - CATALOGING SOURCE | |
| Original cataloging agency | DLC |
| Transcribing agency | DLC |
| Modifying agency | DLC |
| 050 10 - | |
| -- | BS491 |
| -- | .R53 |
| 082 00 - DEWEY DECIMAL CLASSIFICATION NUMBER | |
| Classification number | 220.7 |
| Item number | ROE |
| 100 1# - MAIN ENTRY--PERSONAL NAME | |
| Personal name | Roehrs, Walter Robert, |
| Dates associated with a name | 1901- |
| 9 (RLIN) | 12078 |
| 245 10 - TITLE STATEMENT | |
| Title | Concordia self-study commentary / |
| Statement of responsibility, etc. | Old Testament introd., notes, and references by Walter R. Roehrs ; New Testament introd., notes, and references and Minor Prophets notes and references by Martin H. Franzmann. |
| 260 ## - PUBLICATION, DISTRIBUTION, ETC. | |
| Place of publication, distribution, etc. | Saint Louis : |
| Name of publisher, distributor, etc. | Concordia Pub. House, |
| Date of publication, distribution, etc. | c1979. |
| 300 ## - PHYSICAL DESCRIPTION | |
| Extent | 661, 302, [12] p. ; |
| Dimensions | 27 cm. |
| 630 #0 - SUBJECT ADDED ENTRY--UNIFORM TITLE | |
| Uniform title | Bible |
| General subdivision | Commentaries. |
| 9 (RLIN) | 1243 |
| 700 1# - ADDED ENTRY--PERSONAL NAME | |
| Personal name | Franzmann, Martin H., |
| Relator term | joint author. |
| 9 (RLIN) | 12079 |
| 906 ## - LOCAL DATA ELEMENT F, LDF (RLIN) | |
| a | 7 |
| b | cbc |
| c | orignew |
| d | 1 |
| e | ocip |
| f | 19 |
| g | y-gencatlg |
| 942 ## - ADDED ENTRY ELEMENTS (KOHA) | |
| Source of classification or shelving scheme | Dewey Decimal Classification |
| Koha item type | Reference Books |
| Withdrawn status | Lost status | Source of classification or shelving scheme | Damaged status | Not for loan | Home library | Current Library | Shelving location | Date acquired | Total checkouts | Full call number | Barcode | Date last seen | Copy number | Price effective from | Koha item type |
|---|---|---|---|---|---|---|---|---|---|---|---|---|---|---|---|
| Dewey Decimal Classification | GRACE BIBLE COLLEGE | GRACE BIBLE COLLEGE | Concordance | 2018-06-06 | 220.7 ROE | 006224 | 2025-05-01 | c.1 | 2018-06-06 | Reference Books |